Matemáticas: cuarto grado
Gespeichert in:
| Hauptverfasser: | , , |
|---|---|
| Format: | Buch |
| Sprache: | Spanisch |
| Veröffentlicht: |
Ciudad de México
Secretaría de Educación Pública
1994
|
| Schlagworte: | |
| Tags: |
Tag hinzufügen
Keine Tags, Fügen Sie den ersten Tag hinzu!
|
MARC
| LEADER | 00000nam a2200000 a 4500 | ||
|---|---|---|---|
| 001 | UCP2105 | ||
| 003 | CL-VaPUC | ||
| 008 | 990507e19940000MX |||||||||||||||||spa|d | ||
| 020 | |a 968296251X | ||
| 082 | 0 | 4 | |a 372.7 |b AVI |2 21 |
| 100 | 0 | |a Avila Storer, Alicia |e author |9 428580 | |
| 700 | 0 | |a Balbuena Corro, Hugo |e author |9 428581 | |
| 700 | 0 | |a Bollás García, Pedro |e author |9 428582 | |
| 245 | 1 | 0 | |a Matemáticas: cuarto grado |
| 300 | |a 207 p | ||
| 942 | |c BK | ||
| 945 | |d 19990507 00:00:00 |a rbrito | ||
| 260 | |a Ciudad de México |b Secretaría de Educación Pública |c 1994 | ||
| 500 | |a Incluye libro para el maestro | ||
| 650 | 0 | |a Métodos de enseñanza |9 270413 | |
| 650 | 0 | |a Educación básica |9 224933 | |
| 650 | 0 | |a Matemáticas |x Enseñanza |9 875527 | |
| 999 | |c 280699 |d 280697 | ||
| 583 | |k Rodrigo Vera | ||
| 952 | |0 0 |1 0 |4 0 |6 372_700000000000000_AVI_1994 |7 0 |8 A |9 321169 |a BIBMAT |b BIBMAT |c E_DIDACT |d 2019-11-20 |i 3499235 |o 372.7 AVI 1994 |p 3499235 |r 2025-01-07 |w 2019-11-20 |y BK |k MAT | ||